00494nam a22001577a 450000500170000000800410001702000140005804100130007208200110008510000290009624500630012525000200018826000700020830000320027865000260031020231107120817.0231107b |||||||| |||| 00| 0 eng d a040904010 aEnglish  a346.43 aLaurens, RC lAfrikaans  aInleiding tot die studie van aktebesorging / cRC Laurens  aTweede Uitgawe  aDurban : bButterworth Professionele Uitgewers (Edms) Bpk, c1988 bxxii, 145 pages ; c25 cm.  aLegal practice bLaw